| 000 | 00832nam a2200277Ia 4500 | ||
|---|---|---|---|
| 999 |
_c4632 _d4632 |
||
| 001 | 11582136 | ||
| 003 | OSt | ||
| 005 | 20181211124136.0 | ||
| 008 | 850115c19801969nyu b 001 0 engmd | ||
| 020 | _a0385025335 | ||
| 035 | _a3491766 | ||
| 040 |
_aAAA _cMZN _dOSU |
||
| 082 |
_a225.95 _bB886N |
||
| 090 |
_aBS2407 _b.B7 1980 |
||
| 090 | 0 | 0 |
_aBS2407 _b.B7 1980 |
| 100 | 1 |
_aBruce, F. F. _q(Frederick Fyvie), _d1910-1990 |
|
| 245 | 1 | 0 |
_aNew Testament history / _cF.F. Bruce |
| 250 | _aDoubleday-Galilee ed | ||
| 260 |
_aGarden City, N.Y. : _bDoubleday, _c1980, c1969 |
||
| 300 |
_axiv, 462 p. ; _c21 cm |
||
| 500 | _aIncludes indexes | ||
| 504 | _aBibliography: p. [431]-438 | ||
| 630 | 0 | 0 |
_aBible. _pNew Testament _xHistory of Biblical events |
| 630 | 0 | 0 |
_aBible. _pNew Testament _xHistory of contemporary events |
| 942 |
_2ddc _cBK |
||